000 01348cam a2200133 4500500
005 20260329023209.0
041 _afre
042 _adc
100 1 0 _aJoye, Sylvie
_eauthor
245 0 0 _aL'Europe barbare : 476-714
260 _bArmand Colin,
_c2019.
520 _aEntre le Ve et le VIIIe siècle, l’Europe cherche ses marques, bousculée entre la fin de la période romaine et le plein Moyen Âge, au cours de ce qu’on a appelé les «invasions barbares». Le basculement d’un espace centré sur la Méditerranée à un monde davantage tourné vers la mer du Nord marque un premier mouvement dans la constitution de l’Europe.Ce manuel revient sur cette période complexe en décrivant clairement la situation de l’Empire d’Occident avant sa chute en 476 et les caractéristiques de chacun des royaumes barbares qui fleurissent alors, ainsi que le rôle de la christianisation. Il dépeint la montée en puissance du pouvoir des Francs, aux sources de l’Empire de Charlemagne. Présentant un état de la période profondément renouvelé par les recherches des dernières décennies, cet ouvrage montre à quel point l’Europe barbare a été un creuset essentiel pour l’Europe et la réflexion historique.
856 4 1 _uhttps://shs.cairn.info/l-europe-barbare-476-714--9782200622879?lang=fr&redirect-ssocas=7080
999 _c1925414
_d1925414